| 000 | 00424nam a22001577a 4500 | ||
|---|---|---|---|
| 999 |
_c532960 _d532960 |
||
| 003 | NUST | ||
| 005 | 20191209123426.0 | ||
| 008 | 191209b ||||| |||| 00| 0 eng d | ||
| 038 | _aMSOHAIL | ||
| 082 | _a630 GEB | ||
| 100 |
_aMuhammad El Sayed _926604 |
||
| 245 | _aPunching Shear Strengthening of Flat Slabs Using......................\ | ||
| 260 |
_aGermany _bLAP Lambert _cc2015 |
||
| 300 | _a228,p; | ||
| 942 |
_2ddc _cBK |
||